00922nam a2200229Ia 4500003000400000005001700004008004100021020002900062040001700091082002100108100001800129245011100147250001200258260002500270300007800295500001900373500012200392650002800514942000900542952012600551999001500677IIN20250325125243.0250325s9999 xx adc 001 0 eng d cRs.650.00a9789354669798 aIINbEnglish a611 bCHA1 aChaurasia, BD1 aBD Chaurasia's Human AnatomybRegional and Applied Dissection and Clinical Upper Limb ThoraxcBD Chaurasia a10th ed bCBSaNew Delhic2025 axx, 315 p. / V.1bcol. ill.eWorkbook of Human Anatomy: Upper Limb Thorax aIncludes Index aVol. 1: Upper Limb and Thorax Vol. 2: Lower Limb, Abdomen and Pelvis Vol. 3: Head and Neck Vol. 4: Brain-Neuroanatomy1 aAnatomy xHuman Anatomy cBOOK 00102ddc40708PURSaIINbIINcGENd2025-03-11g995.00l0o611 CHAp1805r2025-03-25 12:25:59w2025-03-25yBOOK c1693d1693